| 000 | 01506nam a22004097a 4500 | ||
|---|---|---|---|
| 005 | 20170130144511.0 | ||
| 008 | 170126b ck |||||r|||| 00| 0 spa d | ||
| 020 | _a9789583016387 | ||
| 040 |
_aCO-BoIAVH _cCO-BoIAVH |
||
| 041 | _aspa | ||
| 044 | _ack | ||
| 090 |
_aI-PAN _b02 |
||
| 100 |
_aPulgarín Ceballos, Luis Carlos _eautor |
||
| 245 | _aLa trágica historia de amor del gato Romeo y Julieta la Ratona | ||
| 260 |
_aBogotá: _bPanamericana Editorial, _c2004. |
||
| 300 |
_a103 paginas. _c20 x 13 cm |
||
| 505 | _aLa saga de los montesco | ||
| 505 | _aLa cenicienta | ||
| 505 | _aRomeo, actor cinematografico | ||
| 505 | _aRomeo en la cueva de la bruja esmeregilda | ||
| 505 | _aEl granero de la bruja esmeregilda | ||
| 505 | _aEl amor nace en una noche de plenilunio | ||
| 505 | _aEl que no escucha consejos ¿sera que nunca llegar a viejo? | ||
| 505 | _aUna celestina prepara una cita clandestina | ||
| 505 | _aJulieta es prometida en matrimonio al ratón parís | ||
| 505 | _aLa tragedia final se acerca | ||
| 505 | _aLa desdicha de París y su promesa de venganza | ||
| 505 | _aLa muerte que le llega de sorpresa | ||
| 505 | _aEl hada madrina que a las puertas llega | ||
| 505 | _aDescubrimiento de la desgracia | ||
| 520 | _aPosible final numero.2 | ||
| 520 | _aEpílogo, las tribulaciones del autor | ||
| 650 | 1 | 4 | _aCuentos infantiles Colombianos |
| 650 | 1 | 4 | _aFantasia |
| 700 |
_aIsaza, Juanita _eeditora |
||
| 942 |
_2z _cLIBRO |
||
| 999 |
_c19237 _d19237 |
||